000 00243nam a22000857a 4500
008 161125b xxu||||| |||| 00| 0 eng d
100 _91435
_aYoung Learners
245 _aThe Emprors New Clothes
260 _aNew Delhi
_bYoung Learners Publication
_c2011
999 _c4158
_d4158